000
00402nam a22001697a 4500
003
MPLRDC
005
20220104114703.0
008
210129b ||||| |||| 00| 0 eng d
020
_a
7-5011-0648-7
082
_a
046 YSS
100
_a
杨少山主编
245
_a
天下奇闻
_c
260
_a
_b
民俗出版社
_c
300
_b
平
650
_a
类书; 百科全书--杂录
942
_c
BK
_o
046 YSS
999
_c
9432
_d
9422